<?xml version="1.0" encoding="UTF-8"?>
<record
    xmlns:xsi="http://www.w3.org/2001/XMLSchema-instance"
    xsi:schemaLocation="http://www.loc.gov/MARC21/slim http://www.loc.gov/standards/marcxml/schema/MARC21slim.xsd"
    xmlns="http://www.loc.gov/MARC21/slim">

  <leader>02896nam a2200433Ii 4500</leader>
  <controlfield tag="001">DIGBCACC0124</controlfield>
  <controlfield tag="003">NyNyDIG</controlfield>
  <controlfield tag="006">m     o  d        </controlfield>
  <controlfield tag="007">cr |||||||||||</controlfield>
  <controlfield tag="008">131001s2008    sp      ob    000 0 spa d</controlfield>
  <datafield tag="020" ind1=" " ind2=" ">
    <subfield code="a">9789689342335</subfield>
    <subfield code="q">(eBook)</subfield>
  </datafield>
  <datafield tag="020" ind1=" " ind2=" ">
    <subfield code="a">9689342339</subfield>
    <subfield code="q">(eBook)</subfield>
  </datafield>
  <datafield tag="035" ind1=" " ind2=" ">
    <subfield code="a">(OCoLC)527382895</subfield>
  </datafield>
  <datafield tag="040" ind1=" " ind2=" ">
    <subfield code="a">DGITA</subfield>
    <subfield code="b">eng</subfield>
    <subfield code="e">pn</subfield>
    <subfield code="c">DGITA</subfield>
  </datafield>
  <datafield tag="043" ind1=" " ind2=" ">
    <subfield code="a">n-mx---</subfield>
  </datafield>
  <datafield tag="050" ind1="1" ind2="4">
    <subfield code="a">F1219.8.T68 eBook</subfield>
  </datafield>
  <datafield tag="245" ind1="0" ind2="3">
    <subfield code="a">El Totonacapan :</subfield>
    <subfield code="b">tradici&#xF3;n prehisp&#xE1;nica de Veracruz / </subfield>
    <subfield code="c">Fundaci&#xF3;n Cultural Armella Spitalier.</subfield>
  </datafield>
  <datafield tag="264" ind1=" " ind2="1">
    <subfield code="a">Mexico, D.F. :</subfield>
    <subfield code="b">Cacciani, S.A. de C.V. </subfield>
    <subfield code="b">Fundaci&#xF3;n Cultural Armella Spitalier,</subfield>
    <subfield code="c">2008.</subfield>
  </datafield>
  <datafield tag="300" ind1=" " ind2=" ">
    <subfield code="a">1 online resource (68 pages) :</subfield>
    <subfield code="b">ill. </subfield>
  </datafield>
  <datafield tag="336" ind1=" " ind2=" ">
    <subfield code="a">text</subfield>
    <subfield code="b">txt</subfield>
    <subfield code="2">rdacontent</subfield>
  </datafield>
  <datafield tag="337" ind1=" " ind2=" ">
    <subfield code="a">computer</subfield>
    <subfield code="b">c</subfield>
    <subfield code="2">rdamedia</subfield>
  </datafield>
  <datafield tag="338" ind1=" " ind2=" ">
    <subfield code="a">online resource</subfield>
    <subfield code="b">cr</subfield>
    <subfield code="2">rdacarrier</subfield>
  </datafield>
  <datafield tag="490" ind1="1" ind2=" ">
    <subfield code="a">La manera de conocer el pasado mesoamericano a trav&#xE9;s de su arte ;</subfield>
    <subfield code="v">24</subfield>
  </datafield>
  <datafield tag="504" ind1=" " ind2=" ">
    <subfield code="a">Includes bibliographical references (p. 27)</subfield>
  </datafield>
  <datafield tag="505" ind1="0" ind2=" ">
    <subfield code="a">1. Los espa&#xF1;oles descubren la Costa del Golfo -- El arribo espa&#xF1;ol -- Fundaci&#xF3;n de la Villa Rica de la Veracruz -- Los sectores culturales de la Costa del Golfo -- El Totonacapan -- La Costa del Golfo: sus sectores culturales -- 3. Geograf&#xED;a y arqueolog&#xED;a del Veracruz Central -- Sierras y monta&#xF1;as del Totonacapan -- R&#xED;os o corrientes fluviales -- 4. Caracterizaci&#xF3;n arqueol&#xF3;gica -- Castillo de Teayo -- Yohualichan y Tajin -- Coyoxquihui -- Filo Bobos -- Cuajilote -- Vega de la Pena -- Pescado para Moctezuma -- Cempoala y Actopan -- Las figurillas arqueol&#xF3;gicas -- Oceloapan -- 5. La Cultura Remojadas, expresi&#xF3;n caracter&#xED;stica del Veracruz Central -- La regi&#xF3;n semi&#xE1;rida -- Los asentamientos humanos -- La cultura de Remojadas -- Remojadas Inferior -- El Chapopote -- Remojadas Superior -- La vestimenta -- Los Tocados -- Seres sonrientes -- Dioses narigudos -- La ofrenda de El Zapotal -- Apaxtles funerarios -- Glosario -- Bibliograf&#xED;a -- Selecci&#xF3;n de Piezas -- Cr&#xE9;ditos.</subfield>
  </datafield>
  <datafield tag="520" ind1=" " ind2=" ">
    <subfield code="a">"La geograf&#xED;a, historia y arqueolog&#xED;a muestra la riqueza cultural y geogr&#xE1;fica de la zona centro de Veracruz conocida, El Totonacapan. Flora, fauna y hermosos paisajes son marco de expresiones de los grupos humanos asentados en la regi&#xF3;n desde la &#xE9;poca prehisp&#xE1;nica." (p. 3).</subfield>
  </datafield>
  <datafield tag="650" ind1=" " ind2="0">
    <subfield code="a">Totonac art. </subfield>
  </datafield>
  <datafield tag="650" ind1=" " ind2="0">
    <subfield code="a">Totonac Indians. </subfield>
  </datafield>
  <datafield tag="650" ind1=" " ind2="0">
    <subfield code="a">Indian art</subfield>
    <subfield code="z">Mexico</subfield>
    <subfield code="z">Veracruz-Llave (State) </subfield>
  </datafield>
  <datafield tag="650" ind1=" " ind2="0">
    <subfield code="a">Archaeological museums and collections</subfield>
    <subfield code="z">Mexico.</subfield>
  </datafield>
  <datafield tag="655" ind1=" " ind2="0">
    <subfield code="a">Electronic books.</subfield>
  </datafield>
  <datafield tag="710" ind1="2" ind2=" ">
    <subfield code="a">Fundaci&#xF3;n Cultural Armella Spitalier</subfield>
  </datafield>
  <datafield tag="791" ind1="2" ind2=" ">
    <subfield code="a">Digitalia (Firm),</subfield>
    <subfield code="e">distributor.</subfield>
  </datafield>
  <datafield tag="830" ind1=" " ind2="0">
    <subfield code="a">La manera de conocer el pasado mesoamericano a trav&#xE9;s de su arte ;</subfield>
    <subfield code="v">24.</subfield>
  </datafield>
  <datafield tag="793" ind1="0" ind2=" ">
    <subfield code="g">Digitalia eBook Collection:</subfield>
    <subfield code="a">Editorial Cacciani.</subfield>
  </datafield>
  <datafield tag="856" ind1="4" ind2="0">
    <subfield code="3">Digitalia Hisp&#xE1;nica</subfield>
    <subfield code="u">https://www.digitaliapublishing.com/a/1480/</subfield>
  </datafield>
  <datafield tag="910" ind1=" " ind2=" ">
    <subfield code="a">Premium Collection: 2007-2012</subfield>
  </datafield>
  <datafield tag="942" ind1=" " ind2=" ">
    <subfield code="c">RAA</subfield>
  </datafield>
  <datafield tag="952" ind1=" " ind2=" ">
    <subfield code="0">0</subfield>
    <subfield code="1">0</subfield>
    <subfield code="4">0</subfield>
    <subfield code="7">0</subfield>
    <subfield code="8">DEH</subfield>
    <subfield code="a">BD-UIN</subfield>
    <subfield code="b">BD-UIN</subfield>
    <subfield code="d">2025-04-25</subfield>
    <subfield code="l">0</subfield>
    <subfield code="r">2025-04-25</subfield>
    <subfield code="w">2025-04-25</subfield>
    <subfield code="y">RAA</subfield>
  </datafield>
  <datafield tag="999" ind1=" " ind2=" ">
    <subfield code="c">230254</subfield>
    <subfield code="d">230254</subfield>
  </datafield>
</record>
